000 01011cad a22002055a 4500
001 L153977
008 110928s2011 xxkd f s f000 0 eng d
035 _a(Sirsi) u153977
041 0 _aeng
110 2 _aGreat Britain
_bHealth and Safety Executive
245 0 0 _aNew figures published of fatally injured construction workers
_h[electronic resource]
260 _a[S.l.]
_bHSE
_c2011
520 _aNew official statistics published in June 2011 show the number of workers killed in the construction industry last year has increased. The HSE has released provisional data for the year April 2010 to March 2011, which shows the number of workers killed was 50, an increase on the previous year, when 41 died.
590 _aKA
651 4 _aGreat Britain
_y1707-
690 _aMANAGEMENT-HEALTH AND SAFETY
710 1 _aUnited Kingdom
_bOffice of National Statistics
_92035
856 4 0 _uhttps://www.hse.gov.uk/press/2011/hse-fatalstatscon.htm
_zView the summary free of charge at www.hse.gov.uk
942 _n0
999 _c112791
_d112791